8 mots dans mots : nie (mort subite) - Statistiques

Statistiques générales
  • Ce quiz a été pris 29 fois
  • Le résultat moyen est 4 sur 8
Answers on the Grid
Answers color-coded by a green-red scale on the quiz's grid according to % correct below.
ignomi---usement
chirurgien-bar---r
cérémo---usement
sca---use
neuroendocri---n
plom---res
peintre-carton---r
zam---nne
précolom---nne
parcimo---usement
em---llage
ingé---urs-conseils
antimicro---n
champignon---re
rom---re
arrière- petites - ---ces
 
Statistiques - réponses
Réponse % Correct
cérémo---usement
78%
neuroendocri---n
70%
arrière- petites - ---ces
52%
ignomi---usement
52%
ingé---urs-conseils
52%
parcimo---usement
43%
peintre-carton---r
39%
champignon---re
26%
Aucun quiz correspondant
Distribution des résultats
% des personnes avec chaque résultat
Percentile par nombre de réponses
Votre historique - résultats
Vous n’avez pas pris ce quiz